Sudden Death - Nachbarländer Argentiniens - Statistiken

Allgemein
  • Dieses Quiz wurde 89 mal gespielt
  • Das Durchschnittsergebnis liegt bei 5 aus 6
Answers on the Grid
Answers color-coded by a green-red scale on the quiz's grid according to % correct below.
Argentinien🇦🇷
Uruguay🇺🇾
Paraguay🇵🇾
Bolivien🇧🇴
Chile🇨🇱
Brasilien🇧🇷
Frankreich🇫🇷
Peru🇵🇪
Ecuador🇪🇨
Kolumbien🇨🇴
Venezuela🇻🇪
Guyana🇬🇾
Suriname🇸🇷
Vereinigtes Königreich🇬🇧
Spanien🇪🇸
Panama🇵🇦
Costa Rica🇨🇷
Nicaragua🇳🇮
Honduras🇭🇳
Vereinigte Staaten🇺🇸
 
Antwortstatistiken
Antwort % Korrekt
Chile🇨🇱
89%
Brasilien🇧🇷
87%
Uruguay🇺🇾
81%
Paraguay🇵🇾
76%
Bolivien🇧🇴
68%
Argentinien🇦🇷
53%
Keine übereinstimmenden Quizze gefunden
Verteilung der Resultate
Anzahl Personen mit jedem Resultat
Perzentil nach korrekt beantworteten Fragen
Ihre Resultats-Entwicklung
Sie haben dieses Quiz noch nicht gespielt